[Event "Titled Tue 27th May Early"]
[Site "chess.com INT"]
[Date "2025.05.27"]
[Round "1"]
[White "Sjugirov, Sanan"]
[Black "Aloma Vidal, Robert"]
[Result "1-0"]
[WhiteTitle "GM"]
[BlackTitle "IM"]
[WhiteElo "2638"]
[BlackElo "2374"]
[WhiteFideId "4189302"]
[BlackFideId "2260409"]
[EventDate "2025.05.27"]

1. c4 a6 2. g3 b5 3. Bg2 Nc6 4. d3 e5 5. Nc3 Bb4 6. Nf3 Qe7 7. O-O Bxc3 8. cxb5
axb5 9. bxc3 Nf6 10. Qb3 Ra5 11. a4 bxa4 12. Rxa4 Rxa4 13. Qxa4 Nd5 14. Qb3 Nb6
15. Be3 O-O 16. Bxb6 cxb6 17. Qxb6 Qa3 18. c4 Qa2 19. Qe3 d6 20. Qd2 Qa3 21. Rb1
h6 22. Ne1 Nd4 23. e3 Ne6 24. Nc2 Qa7 25. Nb4 Nc5 26. d4 Bf5 27. Nc6 Qa6 28.
Ne7+ 1-0

[Event "Titled Tue 27th May Early"]
[Site "chess.com INT"]
[Date "2025.05.27"]
[Round "1"]
[White "Toropov, Pavel"]
[Black "Lloret Ramis, Juan Jose"]
[Result "1-0"]
[WhiteTitle "FM"]
[BlackTitle "FM"]
[WhiteElo "2308"]
[BlackElo "2019"]
[WhiteFideId "24129178"]
[BlackFideId "2204053"]
[EventDate "2025.05.27"]

1. e4 c5 2. Nf3 Nf6 3. e5 Nd5 4. c4 Nc7 5. b3 Nc6 6. Bb2 Ne6 7. Nc3 g6 8. Nd5
Bg7 9. Bd3 Ned4 10. Nxd4 Nxd4 11. f4 O-O 12. O-O e6 13. Nc3 f6 14. exf6 Qxf6 15.
Rb1 d6 16. Ne4 Qe7 17. Qe1 Bd7 18. Qg3 Rae8 19. Kh1 Bc6 20. Ba1 d5 21. Ng5 e5
22. Nxh7 exf4 23. Qxg6 1-0

[Event "Titled Tue 27th May Early"]
[Site "chess.com INT"]
[Date "2025.05.27"]
[Round "1"]
[White "Yin, Evan"]
[Black "Xiong, Jeffery"]
[Result "0-1"]
[BlackTitle "GM"]
[WhiteElo "2119"]
[BlackElo "2636"]
[WhiteFideId "30953111"]
[BlackFideId "2047640"]
[EventDate "2025.05.27"]

1. d4 d5 2. c4 e6 3. Nc3 Nf6 4. cxd5 exd5 5. Bg5 c6 6. e3 Be7 7. Bd3 Bg4 8. Nge2
Bh5 9. Qc2 Bg6 10. O-O Na6 11. a3 Nc7 12. b4 Ne6 13. Bh4 O-O 14. b5 c5 15. Bxg6
hxg6 16. dxc5 Rc8 17. Rfd1 Rxc5 18. Qb3 Qa5 19. Rab1 g5 20. Bg3 Rd8 21. Be5 Ne4
22. Nxe4 dxe4 23. Rxd8+ Qxd8 24. Bd4 Rc8 25. a4 Qa5 26. h3 Qd2 27. Qd1 Rc2 28.
Qxd2 Rxd2 29. Nc3 Nxd4 30. exd4 Rxd4 31. Re1 Bb4 32. Re3 f5 33. Ne2 Rd2 34. g3
Ra2 35. Nd4 Bc5 36. Nxf5 Bxe3 37. Nxe3 Rxa4 38. h4 gxh4 39. gxh4 Rb4 0-1

[Event "Titled Tue 27th May Early"]
[Site "chess.com INT"]
[Date "2025.05.27"]
[Round "1"]
[White "Preobrazhenskaya, Diana"]
[Black "Onyshchuk, Volodymyr"]
[Result "0-1"]
[WhiteTitle "WFM"]
[BlackTitle "GM"]
[WhiteElo "2103"]
[BlackElo "2602"]
[WhiteFideId "34270566"]
[BlackFideId "14114038"]
[EventDate "2025.05.27"]

1. e4 d6 2. d4 g6 3. Nc3 Bg7 4. Nf3 Nf6 5. Bg5 h6 6. Bf4 O-O 7. Qd2 Kh7 8. O-O-O
Bg4 9. Be2 Nc6 10. Be3 e5 11. dxe5 dxe5 12. Qe1 Qe7 13. h3 Bxf3 14. Bxf3 Rfd8
15. g4 Nd4 16. Bg2 c6 17. f4 Nd7 18. f5 Nb6 19. Qf1 Qc5 20. f6 Bf8 21. Qf2 Nc4
22. Bxd4 exd4 23. Na4 Qe5 24. b3 Ba3+ 25. Kb1 b5 26. bxc4 bxa4 27. c3 Rab8+ 28.
Ka1 d3 29. Qd2 Bb2+ 30. Qxb2 Rxb2 31. Kxb2 Rb8+ 0-1

[Event "Titled Tue 27th May Early"]
[Site "chess.com INT"]
[Date "2025.05.27"]
[Round "1"]
[White "Vaganian, Rafael A"]
[Black "Perry, Patrick"]
[Result "1-0"]
[WhiteTitle "GM"]
[WhiteElo "2449"]
[BlackElo "2296"]
[WhiteFideId "13300016"]
[BlackFideId "30917727"]
[EventDate "2025.05.27"]

1. d4 Nf6 2. c4 e6 3. Nf3 c5 4. e3 d5 5. Nc3 Nc6 6. a3 cxd4 7. exd4 Be7 8. Bd3
dxc4 9. Bxc4 O-O 10. O-O Qa5 11. Qe2 Qh5 12. Rd1 Rd8 13. h3 Bd7 14. Bf4 Rac8 15.
Ba2 Be8 16. Rac1 Bd6 17. Be5 Bxe5 18. dxe5 Rxd1+ 19. Rxd1 Nd7 20. Re1 Rd8 21.
Nb5 a6 22. Nc7 Nb6 23. Nxe8 Rxe8 24. Qe3 Nd7 25. Bb1 Rc8 26. b4 Ne7 27. Be4 Nxe5
28. Nxe5 Qxe5 29. Bxh7+ 1-0

[Event "Titled Tue 27th May Early"]
[Site "chess.com INT"]
[Date "2025.05.27"]
[Round "1"]
[White "Garcia, Jhoel"]
[Black "Suleymanli, Suleyman"]
[Result "0-1"]
[WhiteTitle "IM"]
[BlackTitle "FM"]
[WhiteElo "2304"]
[BlackElo "2322"]
[WhiteFideId "3801110"]
[BlackFideId "13416375"]
[EventDate "2025.05.27"]

1. g3 d5 2. Bg2 Nf6 3. c4 c6 4. Nf3 Bg4 5. O-O Bxf3 6. Bxf3 e6 7. b3 Nbd7 8. Bb2
a5 9. d4 a4 10. cxd5 exd5 11. bxa4 Nb6 12. Nc3 Bb4 13. a3 Ba5 14. Ra2 O-O 15.
Ba1 Re8 16. e3 Bxc3 17. Bxc3 Nxa4 18. Ba1 Ne4 19. Qd3 f5 20. Bg2 Qe7 21. f3 Nd6
22. Re2 Nb6 23. Bb2 Nbc4 24. Bc1 Ra4 25. Rfe1 Qf7 26. e4 fxe4 27. fxe4 dxe4 28.
Bxe4 Nxe4 29. Rxe4 Rxe4 30. Qxe4 Ra8 0-1

[Event "Titled Tue 27th May Early"]
[Site "chess.com INT"]
[Date "2025.05.27"]
[Round "1"]
[White "Kleimenov, Nikolay"]
[Black "Fikiet, Alex"]
[Result "1-0"]
[WhiteTitle "CM"]
[WhiteElo "2198"]
[BlackElo "2151"]
[WhiteFideId "34414223"]
[BlackFideId "2052717"]
[EventDate "2025.05.27"]

1. e4 g6 2. d4 Nf6 3. Nc3 d5 4. e5 Ne4 5. Nxe4 dxe4 6. Be3 Bg7 7. c3 O-O 8. h4
c5 9. Ne2 Nc6 10. h5 Qa5 11. hxg6 hxg6 12. dxc5 Nxe5 13. Nd4 Bg4 14. Qc2 Nd3+
15. Bxd3 exd3 16. Qxd3 e5 17. Nb5 Rfd8 18. Nd6 b6 19. Qc4 Be6 20. Qh4 bxc5 21.
Ne4 Qb6 22. Qh7+ Kf8 23. Bxc5+ 1-0

[Event "Titled Tue 27th May Early"]
[Site "chess.com INT"]
[Date "2025.05.27"]
[Round "1"]
[White "Liu, Zhaoqi"]
[Black "Sailer, Mike"]
[Result "1-0"]
[WhiteTitle "IM"]
[WhiteElo "2400"]
[BlackElo "2108"]
[WhiteFideId "8609381"]
[BlackFideId "2012901"]
[EventDate "2025.05.27"]

1. c4 c5 2. Nc3 Nc6 3. g3 g6 4. Bg2 Bg7 5. a3 e5 6. Rb1 a5 7. d3 Nge7 8. Bd2 d6
9. Nf3 O-O 10. O-O h6 11. Ne1 Be6 12. Nd5 f5 13. Nc2 f4 14. b4 axb4 15. axb4 Ra2
16. bxc5 dxc5 17. Nc3 Ra7 18. Nb5 Ra2 19. Nc3 Ra7 20. Ne4 b6 21. Ra1 Qc7 22.
Rxa7 Qxa7 23. Qa1 Ra8 24. Qxa7 Rxa7 25. Ra1 Rxa1+ 26. Nxa1 fxg3 27. hxg3 Bg4 28.
f3 Bf5 29. Nc2 Nc8 30. Kf2 Kf7 31. Nc3 Ke6 32. e4 Nd4 33. exf5+ gxf5 34. Nxd4+
cxd4 35. Nd5 1-0

[Event "Titled Tue 27th May Early"]
[Site "chess.com INT"]
[Date "2025.05.27"]
[Round "1"]
[White "Mahdavi, Reza"]
[Black "Ozcan, Kaan"]
[Result "1-0"]
[WhiteTitle "IM"]
[BlackTitle "FM"]
[WhiteElo "2445"]
[BlackElo "2230"]
[WhiteFideId "12595926"]
[BlackFideId "34566422"]
[EventDate "2025.05.27"]

1. d4 Nf6 2. Bf4 d5 3. e3 e6 4. Nf3 Bd6 5. Ne5 O-O 6. Bd3 Nbd7 7. Bg3 Ne4 8. Nd2
f5 9. c4 Bxe5 10. Bxe5 Nxe5 11. dxe5 c6 12. Nf3 Qb6 13. Qc2 Bd7 14. O-O Be8 15.
Nd4 Bf7 16. Bxe4 fxe4 17. Ne2 Qc7 18. Qc3 Rae8 19. b4 Bh5 20. Ng3 Bg6 21. Rad1
Qb8 22. b5 h5 23. Ne2 Rf5 24. bxc6 bxc6 25. Nd4 Qxe5 26. Qa3 Rg5 27. Nxc6 Qf6
28. Qd6 dxc4 29. Nd4 e5 30. Qxf6 gxf6 31. Nb5 Bf7 32. Rd7 Rb8 33. Nd6 Be6 34.
Re7 Bd5 35. Rc7 Rb2 36. Rc5 Bf7 37. Nxe4 Rg4 38. Nxf6+ Kg7 39. Nxg4 hxg4 40.
Rxe5 Rxa2 41. Rc5 a5 42. h3 gxh3 43. gxh3 a4 44. Rb1 a3 45. Rb7 Rd2 46. Rxc4 a2
47. Rc1 Kg6 48. Ra1 Bd5 49. Rd7 Kf5 50. Rxd5+ Rxd5 51. Rxa2 1-0

[Event "Titled Tue 27th May Early"]
[Site "chess.com INT"]
[Date "2025.05.27"]
[Round "1"]
[White "Punin, Andrii"]
[Black "Troltenier, Dirk"]
[Result "0-1"]
[WhiteTitle "FM"]
[BlackTitle "FM"]
[WhiteElo "2289"]
[BlackElo "2174"]
[WhiteFideId "14112639"]
[BlackFideId "4606400"]
[EventDate "2025.05.27"]

1. e4 e5 2. Nf3 d6 3. d4 exd4 4. Nxd4 Nf6 5. Nc3 Be7 6. g3 d5 7. e5 Ng4 8. f4 c5
9. Ndb5 a6 10. h3 Nh6 11. Nd6+ Bxd6 12. exd6 d4 13. Ne4 Bf5 14. Bg2 Nc6 15. O-O
Bxe4 16. Bxe4 Qxd6 17. Qh5 O-O-O 18. Bd2 f5 19. Bd3 Rhe8 20. Rae1 Qg6 21. Qf3
Nf7 22. Kh2 Nd6 23. Bxa6 Ne4 24. Bxb7+ Kxb7 25. Bc1 Re6 26. Re2 Rde8 27. Rfe1
Kc7 28. a3 Nd6 29. Rxe6 Rxe6 30. Rxe6 Qxe6 31. Bd2 g6 32. b4 Qe4 33. Qb3 c4 34.
Qa4 Qe2+ 35. Kh1 Qd1+ 36. Kh2 Qxd2+ 37. Kh1 Qe1+ 38. Kh2 Qf2+ 39. Kh1 Ne4 40. b5
Nxg3# 0-1

[Event "Titled Tue 27th May Early"]
[Site "chess.com INT"]
[Date "2025.05.27"]
[Round "1"]
[White "Barp, Alberto"]
[Black "Zaksaite, Salomeja"]
[Result "1-0"]
[WhiteTitle "IM"]
[BlackTitle "WGM"]
[WhiteElo "2414"]
[BlackElo "2119"]
[WhiteFideId "872555"]
[BlackFideId "12801496"]
[EventDate "2025.05.27"]

1. d4 Nf6 2. c4 g6 3. g3 Bg7 4. Bg2 O-O 5. Nc3 d6 6. h3 c6 7. Nf3 Bf5 8. g4 Be6
9. d5 Bd7 10. O-O cxd5 11. cxd5 Na6 12. Be3 b6 13. Nd4 Nc5 14. b4 Na6 15. a3 Rc8
16. Rc1 Nb8 17. Qd3 e6 18. dxe6 fxe6 19. Ndb5 d5 20. Nxa7 Rxc3 21. Rxc3 Ne4 22.
Rc2 Ba4 23. Rcc1 Nd6 24. b5 Nc4 25. Rxc4 dxc4 26. Qxc4 Bd1 27. Nc6 Nxc6 28. bxc6 1-0

[Event "Titled Tue 27th May Early"]
[Site "chess.com INT"]
[Date "2025.05.27"]
[Round "1"]
[White "Dubnevych, Maksym"]
[Black "Darmanin, Jake"]
[Result "1-0"]
[WhiteTitle "FM"]
[BlackTitle "CM"]
[WhiteElo "2292"]
[BlackElo "2065"]
[WhiteFideId "14184001"]
[BlackFideId "5601061"]
[EventDate "2025.05.27"]

1. Nc3 d5 2. e4 dxe4 3. Nxe4 Nf6 4. Nxf6+ exf6 5. d4 Bd6 6. Bd3 O-O 7. Ne2 c5 8.
O-O cxd4 9. Nxd4 h6 10. Be3 a6 11. Qf3 Nd7 12. Qe4 g6 13. Bxh6 Nc5 14. Qh4 Re8
15. Rad1 Bd7 16. Bc4 Re4 17. f4 Na4 18. Bd5 Rxd4 19. Rxd4 Bc5 20. Rd1 Qb6 21. c3
Nxb2 22. Kh1 Bxd4 23. Rxd4 Bf5 24. h3 Qc5 25. Qxf6 Qf8 26. Bxf8 Rxf8 27. Bxf7+
Rxf7 28. Rd8+ 1-0

[Event "Titled Tue 27th May Early"]
[Site "chess.com INT"]
[Date "2025.05.27"]
[Round "1"]
[White "Skiadopoulos, Nikolaos"]
[Black "Azamikia, Mehran"]
[Result "0-1"]
[WhiteTitle "CM"]
[BlackTitle "CM"]
[WhiteElo "1882"]
[BlackElo "2130"]
[WhiteFideId "4200772"]
[BlackFideId "12502502"]
[EventDate "2025.05.27"]

1. e4 c5 2. c3 d5 3. exd5 Qxd5 4. d4 cxd4 5. cxd4 e5 6. Nc3 Qxd4 7. Qxd4 exd4 8.
Nb5 Na6 9. Nxd4 Bb4+ 10. Bd2 Bxd2+ 11. Kxd2 Nf6 12. Re1+ Kf8 13. Bxa6 bxa6 14.
Ngf3 g6 15. h3 Nd5 16. Re5 Nb6 17. Rc1 Bd7 18. Ra5 Bc8 19. Rc7 Kg7 20. Ne5 Rf8
21. f4 h6 22. g4 h5 23. b3 hxg4 24. hxg4 Kg8 25. f5 gxf5 26. gxf5 Rd8 27. Nc6
Rd7 28. Rxd7 Nxd7 29. Ne7+ Kg7 30. Nxc8 Rxc8 31. Rxa6 Rc7 32. a4 Nc5 33. b4 Nxa6 0-1

[Event "Titled Tue 27th May Early"]
[Site "chess.com INT"]
[Date "2025.05.27"]
[Round "1"]
[White "Hehir, Michael"]
[Black "Robert, Yoann"]
[Result "0-1"]
[BlackTitle "CM"]
[WhiteElo "2009"]
[BlackElo "2198"]
[WhiteFideId "2047411"]
[BlackFideId "36018805"]
[EventDate "2025.05.27"]

1. d4 f5 2. Bg5 h6 3. Bh4 g5 4. e3 Bg7 5. Bg3 c5 6. h4 g4 7. Ne2 Nc6 8. c3 Nf6
9. Nf4 O-O 10. Bd3 d5 11. dxc5 e5 12. Ng6 Re8 13. Bb5 Nh5 14. e4 fxe4 15. c4 d4
16. Nd2 Kh7 17. Nxe5 Bxe5 18. Bxe5 Rxe5 19. O-O Qxh4 20. Nxe4 Rxe4 21. Qd3 Bf5
22. Rae1 Ne5 23. Qb1 d3 24. f4 gxf3 25. gxf3 Qg3+ 26. Kh1 Nxf3 27. Rxf3 Qxf3+
28. Kg1 Rg4+ 29. Kh2 Qg2# 0-1

[Event "Titled Tue 27th May Early"]
[Site "chess.com INT"]
[Date "2025.05.27"]
[Round "1"]
[White "Mitrabha, Guha"]
[Black "Vafin, Ayrat"]
[Result "1-0"]
[WhiteTitle "GM"]
[BlackTitle "FM"]
[WhiteElo "2515"]
[BlackElo "2302"]
[WhiteFideId "5057000"]
[BlackFideId "4146530"]
[EventDate "2025.05.27"]

1. Nf3 Nf6 2. g3 d5 3. Bg2 c6 4. O-O Bg4 5. d4 Bxf3 6. Bxf3 e6 7. Nd2 Be7 8. c3
O-O 9. e4 dxe4 10. Nxe4 Nxe4 11. Bxe4 Nd7 12. Re1 Nf6 13. Bf3 Qb6 14. Qb3 Rfd8
15. Kg2 Nd5 16. h4 h6 17. Bd2 Bf8 18. Rad1 Be7 19. Bc1 Bf8 20. Qc2 Nf6 21. Qe2
Bd6 22. g4 Nd5 23. g5 hxg5 24. hxg5 g6 25. Bxd5 exd5 26. Qf3 Bf8 27. Rh1 Bg7 28.
Rh7 f5 29. gxf6 Kxh7 30. f7 Bh6 31. Rh1 1-0

[Event "Titled Tue 27th May Early"]
[Site "chess.com INT"]
[Date "2025.05.27"]
[Round "1"]
[White "Brezis, Ari"]
[Black "Svane, Rasmus"]
[Result "0-1"]
[WhiteTitle "CM"]
[BlackTitle "GM"]
[WhiteElo "2188"]
[BlackElo "2629"]
[WhiteFideId "2858541"]
[BlackFideId "4657101"]
[EventDate "2025.05.27"]

1. d4 d5 2. Nf3 e6 3. Bf4 Bd6 4. Bxd6 Qxd6 5. e3 Nf6 6. Bd3 O-O 7. Nbd2 c5 8.
dxc5 Qxc5 9. c4 Nc6 10. O-O Rd8 11. Rc1 Qe7 12. a3 h6 13. Qc2 e5 14. cxd5 Nxd5
15. Bc4 Be6 16. Rfd1 Rac8 17. Qb1 Nf6 18. h3 g6 19. b4 a6 20. Qb3 Bxc4 21. Nxc4
Qe6 22. Rxd8+ Rxd8 23. Qb2 Rd5 24. Ncd2 e4 25. Ne1 Ne5 26. Nb3 Qf5 27. Nd4 Qg5
28. Kh1 Qh4 29. Rc8+ Kg7 30. Kg1 Qh5 31. Ne2 Nd3 32. Nxd3 exd3 33. Nf4 Qd1+ 34.
Kh2 Rd7 35. Rc3 d2 36. Nd3 Qe2 0-1

[Event "Titled Tue 27th May Early"]
[Site "chess.com INT"]
[Date "2025.05.27"]
[Round "1"]
[White "Turcsanyi, Vince Gergo"]
[Black "Vakhidov, Jakhongir"]
[Result "0-1"]
[WhiteTitle "FM"]
[BlackTitle "GM"]
[WhiteElo "2321"]
[BlackElo "2546"]
[WhiteFideId "791784"]
[BlackFideId "14201801"]
[EventDate "2025.05.27"]

1. e4 c5 2. Nf3 g6 3. d4 cxd4 4. Nxd4 Bg7 5. c4 Nc6 6. Be3 Qb6 7. Nb3 Qd8 8. Nd4
d6 9. Nc3 Qb6 10. Nb3 Bxc3+ 11. bxc3 Qc7 12. Qd2 Nf6 13. Be2 Nxe4 14. Qc2 Nf6
15. O-O O-O 16. c5 d5 17. Rad1 Bf5 18. Bd3 Ng4 19. g3 Nxe3 20. fxe3 Bxd3 21.
Rxd3 Rad8 22. Qd2 e6 23. Rd4 Nxd4 24. cxd4 b6 25. Rf4 Rfe8 26. Rh4 f5 27. Nc1
bxc5 28. Nd3 cxd4 29. exd4 Rc8 30. Qh6 Qg7 31. Qg5 Rc4 32. Ne5 Rxd4 33. Rxd4
Qxe5 34. Rh4 Qe1+ 35. Kg2 Qe2+ 36. Kh3 Qf1# 0-1

[Event "Titled Tue 27th May Early"]
[Site "chess.com INT"]
[Date "2025.05.27"]
[Round "1"]
[White "King, Alexander"]
[Black "Swara Lakshmi S Nair"]
[Result "1-0"]
[WhiteTitle "FM"]
[BlackTitle "WCM"]
[WhiteElo "2263"]
[BlackElo "2178"]
[WhiteFideId "2063620"]
[BlackFideId "25629239"]
[EventDate "2025.05.27"]

1. c4 g6 2. g3 c6 3. Bg2 d5 4. cxd5 cxd5 5. Nf3 Nf6 6. O-O Bg7 7. d4 O-O 8. Nc3
Nc6 9. Ne5 Bf5 10. Nxc6 bxc6 11. Bf4 Ne4 12. Rc1 Nxc3 13. Rxc3 Qb6 14. e3 Qxb2
15. Qc1 Qxa2 16. Ra3 Qc2 17. Qxc2 Bxc2 18. Rc1 Be4 19. Bxe4 dxe4 20. Rxc6 h6 21.
g4 g5 22. Bg3 Rfe8 23. Raa6 e5 24. d5 Red8 25. d6 Rd7 26. Rc7 Rad8 27. Raxa7
Rxd6 28. Rxf7 Rg6 29. Rfe7 Rd5 30. Ra8+ Kh7 31. Rae8 Rd1+ 32. Kg2 Rd5 33. Bxe5
Rxe5 34. Rxe5 Bxe5 35. Rxe5 h5 36. Rxe4 hxg4 37. Rxg4 Kh6 38. h4 gxh4 39. Rxg6+
Kxg6 40. Kh3 Kh5 41. f4 Kg6 42. Kxh4 Kf5 43. Kh5 Kf6 44. e4 Ke6 45. Kg6 Ke7 46.
f5 Ke8 47. Kg7 Ke7 48. f6+ Ke6 49. f7 1-0

[Event "Titled Tue 27th May Early"]
[Site "chess.com INT"]
[Date "2025.05.27"]
[Round "1"]
[White "Agarwal, Amaya"]
[Black "Ahn, Hongjin"]
[Result "0-1"]
[WhiteTitle "WCM"]
[BlackTitle "IM"]
[WhiteElo "2004"]
[BlackElo "2304"]
[WhiteFideId "48733580"]
[BlackFideId "13201492"]
[EventDate "2025.05.27"]

1. e4 c5 2. c3 e6 3. d4 d5 4. exd5 exd5 5. Nf3 Nc6 6. Be2 Bd6 7. O-O Nge7 8. Be3
cxd4 9. Nxd4 O-O 10. Nd2 Ng6 11. N2f3 Nh4 12. Bg5 Nxf3+ 13. Nxf3 Qd7 14. Nd4 a6
15. Re1 Qc7 16. h3 Ne5 17. Be3 Bd7 18. Rc1 Rad8 19. f4 Nc4 20. Bf2 Rfe8 21. Qc2
Bxf4 22. Bxc4 dxc4 23. Rxe8+ Rxe8 24. Rf1 h6 25. Nf3 Bc6 26. Qd1 Rd8 27. Qe2 Re8
28. Qd1 Qc8 29. Re1 Bb8 30. Rxe8+ Qxe8 31. Nd4 Be4 32. Qe2 f5 33. Nxf5 Qe5 34.
Ng3 Bd3 35. Qxe5 Bxe5 36. Nf1 b5 37. Bg3 Bf6 38. Ne3 b4 39. cxb4 Bxb2 40. Nd5 c3
41. Be5 Bc4 42. Nxc3 Kf7 43. Bd4 Bxa2 44. Nxa2 Bxd4+ 45. Kh2 Ke6 46. Nc1 Kd5 47.
Nb3 Kc4 48. Nd2+ Kxb4 49. Nf3 Bc3 50. Kg3 a5 51. Kf4 a4 52. Ke3 a3 53. Kd3 a2 0-1

[Event "Titled Tue 27th May Early"]
[Site "chess.com INT"]
[Date "2025.05.27"]
[Round "1"]
[White "Kurchenko, Egor"]
[Black "Leung, Hoi Ting"]
[Result "1-0"]
[WhiteTitle "FM"]
[BlackTitle "WCM"]
[WhiteElo "2130"]
[BlackElo "1618"]
[WhiteFideId "54157749"]
[BlackFideId "6003770"]
[EventDate "2025.05.27"]

1. e4 c5 2. Na3 Nc6 3. Bb5 d6 4. c3 a6 5. Bxc6+ bxc6 6. d3 Nf6 7. f4 g6 8. Nf3
Bg7 9. O-O O-O 10. Qe2 d5 11. e5 Nd7 12. c4 Nb6 13. Be3 d4 14. Bd2 Bg4 15. h3
Bf5 16. Ba5 Qb8 17. Rab1 Qa7 18. Nc2 Nd7 19. g4 Be6 20. Ng5 Nb6 21. Nxe6 fxe6
22. Ne1 Rab8 23. Qe4 Qb7 24. Nf3 Nd7 25. Ng5 Rfc8 26. Nxe6 Nf8 27. Nxf8 Rxf8 28.
f5 gxf5 29. gxf5 Kh8 30. Bd2 Qc7 31. Bf4 Qc8 32. Kh2 Rxf5 33. e6 Rh5 34. Bxb8
Qxb8+ 35. Kg2 Bf6 36. Rxf6 exf6 37. e7 Rg5+ 38. Kh1 Re5 39. Qf4 Qd6 40. e8=Q+ 1-0

[Event "Titled Tue 27th May Early"]
[Site "chess.com INT"]
[Date "2025.05.27"]
[Round "1"]
[White "Cernov, Henrik"]
[Black "Keneshbekov, Elim"]
[Result "0-1"]
[WhiteTitle "FM"]
[BlackTitle "CM"]
[WhiteElo "2325"]
[BlackElo "1867"]
[WhiteFideId "16258312"]
[BlackFideId "13816772"]
[EventDate "2025.05.27"]

1. e4 c5 2. Nf3 d6 3. d4 cxd4 4. Nxd4 Nf6 5. Nc3 a6 6. Rg1 e5 7. Nb3 Be6 8. g4
Nc6 9. g5 Nd7 10. Be3 Be7 11. Nd5 O-O 12. h4 Nc5 13. Nxc5 dxc5 14. c3 Qd7 15.
Bg2 Rad8 16. Qh5 Bg4 17. Bh3 Bxh5 18. Bxd7 Rxd7 19. Nf6+ Bxf6 20. gxf6 g6 21.
Rg3 Rfd8 22. f3 Rd3 23. Ke2 Na5 24. Bxc5 Rd2+ 25. Kf1 Rxb2 26. Rg5 Bxf3 27. Rxe5
Nc4 28. Re7 Bxe4 29. Bd4 Bc6 30. Re2 Nd2+ 31. Kf2 Ne4+ 32. Ke3 Rxe2+ 33. Kxe2
Rd6 34. Rd1 Nxc3+ 35. Bxc3 Bf3+ 36. Kxf3 Rxd1 37. Be5 h5 38. Kf4 Rg1 39. Kf3 Rg4
40. Bg3 Kf8 41. a3 Ke8 42. Bf2 Kd7 0-1

[Event "Titled Tue 27th May Early"]
[Site "chess.com INT"]
[Date "2025.05.27"]
[Round "1"]
[White "Stichter, Constantin Paul"]
[Black "Manvelyan, Mikayel"]
[Result "0-1"]
[WhiteTitle "CM"]
[BlackTitle "FM"]
[WhiteElo "2209"]
[BlackElo "2362"]
[WhiteFideId "34603140"]
[BlackFideId "13310143"]
[EventDate "2025.05.27"]

1. e4 e5 2. Nf3 Nc6 3. d4 exd4 4. Bc4 Nf6 5. e5 d5 6. Bb5 Ne4 7. Nxd4 Bd7 8.
Bxc6 bxc6 9. O-O Be7 10. f3 Nc5 11. f4 Ne4 12. f5 c5 13. Ne2 d4 14. Nd2 Bc6 15.
Nxe4 Bxe4 16. Ng3 Bc6 17. f6 gxf6 18. exf6 Bxf6 19. Re1+ Kf8 20. Nf5 h5 21. Qd3
Qd5 22. Re2 Re8 23. Bh6+ Rxh6 24. Nxh6 Rxe2 25. Qxe2 Qg5 26. Nf5 Qxf5 27. Rf1
Qg6 28. g3 h4 29. Qf2 hxg3 30. Qxf6 gxh2+ 31. Kxh2 Qg2# 0-1

[Event "Titled Tue 27th May Early"]
[Site "chess.com INT"]
[Date "2025.05.27"]
[Round "1"]
[White "Piddubna, Bozhena"]
[Black "Suyarov, Mukhammadzokhid"]
[Result "0-1"]
[WhiteTitle "WFM"]
[BlackTitle "IM"]
[WhiteElo "2174"]
[BlackElo "2491"]
[WhiteFideId "34109293"]
[BlackFideId "14210495"]
[EventDate "2025.05.27"]

1. d4 d5 2. c4 c6 3. Nf3 Nf6 4. g3 dxc4 5. Bg2 Bf5 6. Nc3 e6 7. Ne5 Nbd7 8. Nxc4
Bg6 9. O-O Be7 10. Bf4 O-O 11. e4 b5 12. Ne5 Nxe5 13. dxe5 Nd7 14. Rc1 Nc5 15.
Qe2 Qa5 16. a3 b4 17. axb4 Qxb4 18. h4 h6 19. Rfd1 Rfd8 20. Rd2 Rxd2 21. Qxd2
Nb3 22. Qd7 Nxc1 23. Bxc1 Rd8 24. Qxc6 Bc5 25. Qc7 Bb6 26. Qc6 Bh5 27. Bf1 Bf3
28. Qc4 Qxc4 29. Bxc4 Bxe4 30. Nxe4 Rd1+ 31. Kg2 Rxc1 32. b3 Rc2 33. Kf3 Bd4 34.
Bd3 Rb2 35. Bc4 Bxe5 36. Ke3 Bc7 37. f3 Bb6+ 38. Kd3 Kf8 39. g4 Ke7 40. g5 h5
41. Ng3 g6 42. Ne4 Rh2 0-1

[Event "Titled Tue 27th May Early"]
[Site "chess.com INT"]
[Date "2025.05.27"]
[Round "1"]
[White "Kovalevsky, Stanislav"]
[Black "Timofeev, Artyom"]
[Result "0-1"]
[WhiteTitle "FM"]
[BlackTitle "GM"]
[WhiteElo "2098"]
[BlackElo "2548"]
[WhiteFideId "13508598"]
[BlackFideId "4140419"]
[EventDate "2025.05.27"]

1. c4 e6 2. e4 d5 3. exd5 exd5 4. cxd5 Nf6 5. Bb5+ Bd7 6. Bc4 Bd6 7. Nf3 O-O 8.
O-O Bg4 9. h3 Bh5 10. Qb3 Nbd7 11. Nd4 Nb6 12. d3 Bc5 13. Be3 Bxd4 14. Bxd4
Nfxd5 15. Bc5 Qg5 16. Bxd5 Nxd5 17. Bxf8 Nf4 18. Qxb7 Rxf8 19. Nc3 Nxh3+ 20. Kh2
Nf4 21. g3 Bg4 22. Rh1 Nxd3 23. Qd5 Qg6 24. Qe4 Bf5 25. Qh4 Nxf2 26. Rhf1 Ng4+
27. Kg1 Qb6+ 28. Kg2 Qxb2+ 0-1

[Event "Titled Tue 27th May Early"]
[Site "chess.com INT"]
[Date "2025.05.27"]
[Round "1"]
[White "Gutman, Gennadi"]
[Black "Otdelnov, Kirill"]
[Result "0-1"]
[WhiteTitle "GM"]
[BlackTitle "FM"]
[WhiteElo "2445"]
[BlackElo "2273"]
[WhiteFideId "14102277"]
[BlackFideId "24280216"]
[EventDate "2025.05.27"]

1. e4 d5 2. Nc3 dxe4 3. Nxe4 Nf6 4. Ng3 h5 5. h4 Bg4 6. Be2 Bxe2 7. N1xe2 e6 8.
d3 Bd6 9. Bg5 Nbd7 10. Qd2 Be7 11. O-O-O a5 12. Nf4 a4 13. a3 b5 14. c3 c5 15.
Ne4 b4 16. Bxf6 gxf6 17. cxb4 cxb4 18. axb4 a3 19. bxa3 Rxa3 20. Kb2 Ra4 21. Kb3
Rxb4+ 22. Qxb4 Bxb4 23. Kxb4 Qb8+ 24. Kc3 Qxf4 25. g3 Qc7+ 26. Kd2 Ke7 27. Rc1
Qa5+ 28. Ke2 Qa2+ 29. Ke3 Rb8 30. Rc7 Rb2 31. Rhc1 Re2+ 32. Kf3 f5 33. Nc3 Rxf2+
34. Ke3 Qd2+ 35. Kd4 e5+ 36. Kd5 Qxc1 37. Nb5 0-1